Music Quiz

Random Music or Artist Quiz

One Hit Wonders UK - 2007 Quiz Stats

 Plays Quiz not verified by Sporcle

Challenge
Share
Tweet
Embed
Score 0/30 Timer 20:00
0 Plays Today
Artist Song Title % Correct
Plain White T'sHey There Delilah
92.9%
GossipStanding In The Way Of Control
64.3%
Feist1234
64.3%
Peter Bjorn & John (ft Victoria Bergsman)Young Folks
57.1%
Newton FaulknerDream Catch Me
35.7%
OmarionIce Box
28.6%
HellogoodbyeHere (In Your Arms)
28.6%
MimsThis Is Why I'm Hot
28.6%
T2 (ft Jodie Aysha)Heartbroken
21.4%
Camille Jones (vs Fedde Le Grand)The Creeps
14.3%
The HollowaysGenerator
14.3%
Cast Of High School Musical 2What Time Is It
14.3%
FreaksThe Creeps (Get On The Dancefloor)
14.3%
Ida Corr (vs Fedde Le Grand)Let Me Think About It
14.3%
Mason (vs Princess Superstar)Perfect (Exceeder)
7.1%
Artist Song Title % Correct
The CribsMan's Needs
7.1%
UnklejamWhat Am I Fighting For
7.1%
Lee MeadAny Dream Will Do
7.1%
Amy MacDonaldMr Rock And Roll
7.1%
Yves LaRockRise Up
7.1%
Kano (ft Craig David)This Is The Girl
7.1%
Eva Cassidy (& Katie Melua)What A Wonderful World
7.1%
Shaun The SheepLife's A Treat
7.1%
The Good, The Bad & The QueenKingdom Of Doom
0%
Little Man TateSexy In Latin
0%
Seamus Haji (ft KayJay)Last Night A DJ Saved My Life
0%
DADA (ft Sandy Rivera & Trix)Lollipop
0%
Super Mal (ft Luciana)Bigger Than Big
0%
SamimHeater
0%
KoopaThe Crash
0%

You're not logged in!

Compare scores with friends on all Sporcle quizzes.
Join for Free
OR
Log In

You Might Also Like...

Show Comments

Extras

Top Quizzes Today


Score Distribution

Your Account Isn't Verified!

In order to create a playlist on Sporcle, you need to verify the email address you used during registration. Go to your Sporcle Settings to finish the process.

Report this User

Report this user for behavior that violates our Community Guidelines.

Details: